000 00336nam a2200133Ia 4500
008 191201s2005 xx 000 0 und d
100 _aNAIK, J P
245 2 _aA Students History of Education in India (1800-1973)
250 _a6th
260 _aN.Delhi
_bMacmillan
_c2005
300 _a495
650 _aGeneral Books
942 _2ddc
_cBK
999 _c1861
_d1861